[Event "SR 2. liga A 2011/2012"]
[Site "?"]
[Date "2011.11.06"]
[Round "19.8"]
[White "Tomovicsova, Evelina"]
[Black "Diviak, Rastislav"]
[Result "0-1"]
[WhiteElo "1689"]
[BlackElo "2020"]
[PlyCount "74"]
[EventDate "2011.??.??"]
[WhiteTeam "Slovakia"]
[BlackTeam "Slovakia"]
[WhiteTeamCountry "SVK"]
[BlackTeamCountry "SVK"]

1. e4 c5 2. Nf3 d6 3. Nc3 Nf6 4. d4 cxd4 5. Nxd4 a6 6. Bd3 e6 7. O-O Be7 8. Be3
O-O 9. Nde2 b5 10. a3 Bb7 11. Ng3 Nbd7 12. f4 Qc7 13. Kh1 Rac8 14. Nh5 Rfd8 15.
Bd4 e5 16. Be3 Nc5 17. Nxf6+ Bxf6 18. f5 d5 19. Bxc5 Qxc5 20. Nxd5 Bxd5 21.
exd5 Rxd5 22. Qf3 Rcd8 23. Rad1 Qd6 24. Rfe1 e4 25. Rxe4 Bxb2 26. a4 b4 27.
Rde1 Re5 28. Qe2 Rde8 29. Qg4 b3 30. Rxe5 Rxe5 31. Rxe5 Bxe5 32. f6 Bxf6 33.
Qc8+ Bd8 34. Qc3 Bc7 35. g3 Qd5+ 36. Kg1 Bb6+ 37. Kf1 Qf3+ 0-1

[Event "SR 2. liga A 2011/2012"]
[Site "?"]
[Date "2011.11.06"]
[Round "20.1"]
[White "Likavsky, Tomas"]
[Black "Bronis, Marian"]
[Result "1-0"]
[WhiteElo "2486"]
[BlackElo "2160"]
[PlyCount "67"]
[EventDate "2011.??.??"]
[WhiteTeam "Slovakia"]
[BlackTeam "Slovakia"]
[WhiteTeamCountry "SVK"]
[BlackTeamCountry "SVK"]

1. d4 g6 2. c4 c5 3. d5 b5 4. cxb5 a6 5. e4 Bg7 6. Nc3 d6 7. Nf3 Nf6 8. Be2 O-O
9. O-O axb5 10. Bxb5 Ba6 11. Re1 Ng4 12. Qe2 Qb6 13. Bxa6 Nxa6 14. Bf4 Rfb8 15.
Nd1 Nc7 16. Nd2 Nf6 17. Nc4 Qa6 18. Nc3 Ng4 19. Rac1 Bd4 20. Qxg4 Qxc4 21. Ne2
Qb5 22. a3 Qxb2 23. Qd7 Ne8 24. Nxd4 cxd4 25. Qxe7 d3 26. Bh6 Nf6 27. Rc7 Rf8
28. Rf1 Rae8 29. Qxd6 Nxe4 30. Qb4 Qe2 31. Qd4 Nf6 32. Qxf6 Qe5 33. Qxe5 Rxe5
34. Bxf8 1-0

[Event "SR 2. liga A 2011/2012"]
[Site "?"]
[Date "2011.11.06"]
[Round "20.2"]
[White "Biro, Karol"]
[Black "Doucha, Ludvik"]
[Result "1/2-1/2"]
[WhiteElo "2158"]
[BlackElo "2102"]
[PlyCount "74"]
[EventDate "2011.??.??"]
[WhiteTeam "Slovakia"]
[BlackTeam "Slovakia"]
[WhiteTeamCountry "SVK"]
[BlackTeamCountry "SVK"]

1. c4 Nf6 2. Nc3 c5 3. e3 e6 4. d4 cxd4 5. exd4 d6 6. Nf3 Nbd7 7. Bd3 b6 8. O-O
Bb7 9. Re1 Be7 10. b3 Rc8 11. Ba3 a6 12. Ng5 O-O 13. Rc1 h6 14. Nge4 Nxe4 15.
Nxe4 Nf6 16. Ng3 Re8 17. Qd2 Qc7 18. Bb2 Qb8 19. Bb1 Bf8 20. f4 d5 21. f5 exf5
22. Nxf5 Rxe1+ 23. Rxe1 Re8 24. Rxe8 Qxe8 25. Qe3 Qxe3+ 26. Nxe3 g6 27. Bd3 a5
28. Kf2 Kg7 29. g3 h5 30. a4 Bd6 31. cxd5 Nxd5 32. Nxd5 Bxd5 33. Bc4 Be4 34.
d5+ f6 35. Ke3 Bc2 36. Bd4 Bc7 37. Kd2 Be4 1/2-1/2

[Event "SR 2. liga A 2011/2012"]
[Site "?"]
[Date "2011.11.06"]
[Round "20.3"]
[White "Arendas, Marek"]
[Black "Dolnak, Michal"]
[Result "1/2-1/2"]
[WhiteElo "2082"]
[BlackElo "2098"]
[PlyCount "89"]
[EventDate "2011.??.??"]
[WhiteTeam "Slovakia"]
[BlackTeam "Slovakia"]
[WhiteTeamCountry "SVK"]
[BlackTeamCountry "SVK"]

1. e4 e6 2. d4 d5 3. exd5 exd5 4. c4 Nf6 5. Nc3 Be7 6. cxd5 Nxd5 7. Bc4 Nxc3 8.
bxc3 O-O 9. Qf3 Bf6 10. Ba3 Re8+ 11. Ne2 c6 12. O-O Be6 13. Bb3 Qd7 14. Ng3
Bxb3 15. axb3 Qe6 16. Rae1 Qxe1 17. Rxe1 Rxe1+ 18. Nf1 Nd7 19. g3 Rae8 20. Qf5
Nf8 21. Kg2 R1e2 22. Bxf8 Rxf8 23. Ne3 Re8 24. Kf3 Rb2 25. Qd7 Rd8 26. Qxb7 h6
27. Qxa7 Rxb3 28. Qc5 Rc8 29. h4 Rc7 30. Ng4 Be7 31. Qc4 Ra3 32. Ne5 Bf6 33.
Nd3 Rc8 34. Qb4 Rca8 35. Qc4 Rc8 36. Qc5 Rb3 37. Kg2 Rb5 38. Qc4 Rf5 39. Nb4 c5
40. Nd5 Rxd5 41. Qxd5 cxd4 42. cxd4 Rd8 43. Qe4 Bxd4 44. Qe7 Bf6 45. Qb4
1/2-1/2

[Event "SR 2. liga A 2011/2012"]
[Site "?"]
[Date "2011.11.06"]
[Round "20.4"]
[White "Duriga, Stefan"]
[Black "Hertel, Ondrej"]
[Result "1/2-1/2"]
[WhiteElo "2242"]
[BlackElo "2073"]
[PlyCount "92"]
[EventDate "2011.??.??"]
[WhiteTeam "Slovakia"]
[BlackTeam "Slovakia"]
[WhiteTeamCountry "SVK"]
[BlackTeamCountry "SVK"]

1. d4 d5 2. c4 e6 3. Nc3 Nf6 4. Bg5 Nbd7 5. e3 c6 6. Nf3 Qa5 7. Bxf6 Nxf6 8.
Bd3 Bb4 9. Qb3 O-O 10. O-O dxc4 11. Bxc4 b6 12. Ne5 Bxc3 13. Nxc6 Qg5 14. f4
Qh5 15. Qxc3 Bb7 16. Ne5 Rac8 17. Qe1 Ng4 18. Nxg4 Qxg4 19. Qe2 Qxg2+ 20. Qxg2
Bxg2 21. Rfc1 Bb7 22. Bb5 Rfd8 23. Kf2 Kf8 24. a3 Ke7 25. Bd3 h6 26. Rxc8 Rxc8
27. Rg1 Kf8 28. e4 g6 29. Ke3 Ke7 30. h4 Rc7 31. e5 Bd5 32. Kd2 Kf8 33. Rc1
Rxc1 34. Kxc1 f5 35. Kd2 Kf7 36. Be2 Ke7 37. Kc3 Kd8 38. Bb5 Ke7 39. Kb4 Kf7
40. Be2 Bc6 41. Bd1 Ke7 42. Bb3 Kf7 43. Bc4 Ke7 44. Kc3 Kf7 45. Kd2 Ke7 46. Ke3
Kf7 1/2-1/2

[Event "SR 2. liga A 2011/2012"]
[Site "?"]
[Date "2011.11.06"]
[Round "20.5"]
[White "Liptak, Dusan"]
[Black "Kebis, Milos"]
[Result "1-0"]
[WhiteElo "2075"]
[BlackElo "2008"]
[PlyCount "77"]
[EventDate "2011.??.??"]
[WhiteTeam "Slovakia"]
[BlackTeam "Slovakia"]
[WhiteTeamCountry "SVK"]
[BlackTeamCountry "SVK"]

1. d4 Nf6 2. c4 c5 3. Nf3 cxd4 4. Nxd4 Nc6 5. Nc3 d6 6. e4 g6 7. Be2 Bg7 8. Be3
O-O 9. O-O Bd7 10. Nb3 Qc7 11. Rc1 Rac8 12. f4 Qb8 13. g4 Rfd8 14. f5 Be8 15.
h3 Nd7 16. Qe1 b6 17. Qh4 Nc5 18. Nd2 Qb7 19. g5 Nd4 20. Bg4 Bh8 21. f6 Nc6 22.
Qh6 Bd7 23. Be2 Be6 24. Rf4 exf6 25. gxf6 Nd7 26. Rcf1 Nce5 27. Nb5 Nf8 28. b3
Qd7 29. Kh2 Ra8 30. Nd4 Qe8 31. N2f3 Bd7 32. Ng5 Nc6 33. Ndf3 Ne5 34. Bd4 Bc6
35. Nd2 Ned7 36. Rh4 Bxf6 37. Rxf6 Nxf6 38. Bxf6 Qe6 39. Qg7# 1-0

[Event "SR 2. liga A 2011/2012"]
[Site "?"]
[Date "2011.11.06"]
[Round "20.6"]
[White "Mandak, Miroslav"]
[Black "Puchart, Vladimir"]
[Result "1/2-1/2"]
[WhiteElo "2003"]
[BlackElo "2079"]
[PlyCount "30"]
[EventDate "2011.??.??"]
[WhiteTeam "Slovakia"]
[BlackTeam "Slovakia"]
[WhiteTeamCountry "SVK"]
[BlackTeamCountry "SVK"]

1. e4 c5 2. Nf3 d6 3. Bb5+ Bd7 4. a4 Nc6 5. c3 Nf6 6. Qe2 Rc8 7. O-O a6 8. Bc4
Qc7 9. Re1 e6 10. Bb3 Be7 11. d3 O-O 12. Bg5 b5 13. axb5 axb5 14. Nbd2 Ra8 15.
Bc2 Qb6 1/2-1/2

[Event "SR 2. liga A 2011/2012"]
[Site "?"]
[Date "2011.11.06"]
[Round "20.8"]
[White "Dzavik, Jozef"]
[Black "Klanica, Anton"]
[Result "1/2-1/2"]
[WhiteElo "2025"]
[BlackElo "1828"]
[PlyCount "84"]
[EventDate "2011.??.??"]
[WhiteTeam "Slovakia"]
[BlackTeam "Slovakia"]
[WhiteTeamCountry "SVK"]
[BlackTeamCountry "SVK"]

1. e4 e6 2. d4 d5 3. e5 c5 4. c3 Nc6 5. Nf3 Qb6 6. a3 Bd7 7. b4 cxd4 8. cxd4
Rc8 9. Be2 a6 10. O-O Na7 11. Be3 Bb5 12. Nbd2 Bxe2 13. Qxe2 Qb5 14. Qxb5+ Nxb5
15. Rfc1 Rc6 16. Nb3 Rxc1+ 17. Rxc1 Be7 18. a4 Na3 19. Nc5 Bxc5 20. bxc5 Kd7
21. Nd2 Ne7 22. Rc3 Nc4 23. Nxc4 dxc4 24. Rxc4 Kc6 25. Bd2 Rc8 26. Ba5 Rh8 27.
g3 Re8 28. Kg2 Nd5 29. Kf3 Rh8 30. Ke4 g6 31. f4 Ne7 32. Rb4 Nd5 33. Rb3 Rb8
34. g4 Rg8 35. Rh3 Rh8 36. Rh6 Ne7 37. Rh3 h5 38. Rh4 Kd7 39. Rh3 Kc6 40. Rh4
Kd7 41. Rh3 Kc6 42. Rb3 Nd5 1/2-1/2

[Event "SR 2. liga A 2011/2012"]
[Site "?"]
[Date "2011.11.06"]
[Round "21.1"]
[White "Rohacek, Miroslav"]
[Black "Kundrik, Peter"]
[Result "1/2-1/2"]
[WhiteElo "2297"]
[BlackElo "2260"]
[PlyCount "26"]
[EventDate "2011.??.??"]
[WhiteTeam "Slovakia"]
[BlackTeam "Slovakia"]
[WhiteTeamCountry "SVK"]
[BlackTeamCountry "SVK"]

1. e4 c5 2. Nf3 Nc6 3. Bb5 Nf6 4. d3 g6 5. Bxc6 dxc6 6. h3 Bg7 7. Nbd2 b6 8. a4
a5 9. O-O O-O 10. Qe2 Qc7 11. Ra2 Nh5 12. Nc4 e5 13. b3 Re8 1/2-1/2

[Event "SR 2. liga A 2011/2012"]
[Site "?"]
[Date "2011.11.06"]
[Round "21.2"]
[White "Seitler, Andrej"]
[Black "Kovac, Andrej"]
[Result "1-0"]
[WhiteElo "2247"]
[BlackElo "2154"]
[PlyCount "121"]
[EventDate "2011.??.??"]
[WhiteTeam "Slovakia"]
[BlackTeam "Slovakia"]
[WhiteTeamCountry "SVK"]
[BlackTeamCountry "SVK"]

1. Nf3 Nf6 2. c4 c6 3. b3 g6 4. Bb2 Bg7 5. e4 O-O 6. e5 Ne8 7. Be2 d5 8. d4 Nc7
9. O-O dxc4 10. bxc4 b5 11. Nc3 Ba6 12. Qb3 Nd7 13. cxb5 Nxb5 14. Nxb5 Bxb5 15.
Bxb5 cxb5 16. e6 Nb6 17. exf7+ Kh8 18. Qxb5 Rxf7 19. Ne5 Rf5 20. Qb3 Qd5 21.
Rfe1 Raf8 22. Qxd5 Nxd5 23. f3 Rb8 24. Ba3 Rc8 25. Rac1 Rxc1 26. Rxc1 Bh6 27.
Rc8+ Kg7 28. Bc1 Bxc1 29. Rxc1 Nf4 30. Rc2 Ne6 31. Nc6 Kf6 32. Kf2 a6 33. a4
Rd5 34. Ke3 Rd6 35. Rc4 h6 36. Ne5 Kg7 37. h4 h5 38. Ke4 Kf6 39. d5 Ng7 40. g4
hxg4 41. fxg4 e6 42. g5+ Ke7 43. Rc7+ Kf8 44. Nxg6+ Kg8 45. Ne7+ Kf8 46. Ke5
exd5 47. Kxd6 Ne8+ 48. Ke5 Nxc7 49. Nxd5 Ne8 50. a5 Kg7 51. h5 Kf7 52. h6 Kg6
53. h7 Kg7 54. Ke6 Kh8 55. Ke7 Ng7 56. g6 Nf5+ 57. Kf8 Ng7 58. Kf7 Nf5 59. Nb4
Nd6+ 60. Kf8 Nf7 61. g7+ 1-0

[Event "SR 2. liga A 2011/2012"]
[Site "?"]
[Date "2011.11.06"]
[Round "21.3"]
[White "Kralovic, Andrej"]
[Black "Blatnicky, Miroslav"]
[Result "1-0"]
[WhiteElo "2172"]
[BlackElo "2130"]
[PlyCount "75"]
[EventDate "2011.??.??"]
[WhiteTeam "Slovakia"]
[BlackTeam "Slovakia"]
[WhiteTeamCountry "SVK"]
[BlackTeamCountry "SVK"]

1. e4 e6 2. d4 d5 3. Nc3 dxe4 4. Nxe4 Nd7 5. Nf3 Ngf6 6. Nxf6+ Nxf6 7. Bd3 c5
8. O-O cxd4 9. Nxd4 Be7 10. b3 O-O 11. Bb2 Qb6 12. Qe2 Bd7 13. Rad1 Rfe8 14. c4
Rad8 15. Nf3 Bc6 16. Ne5 a5 17. Nxc6 bxc6 18. Qc2 h6 19. h3 Nd7 20. Bh7+ Kh8
21. Be4 Bf6 22. Bc1 Bg5 23. Rd6 f5 24. Bxg5 hxg5 25. Bxc6 Nc5 26. Rxd8 Rxd8 27.
Bf3 a4 28. bxa4 Qb4 29. Rd1 Rxd1+ 30. Qxd1 Qxc4 31. Qd8+ Kh7 32. Qxg5 Qxa2 33.
Bh5 Qb1+ 34. Kh2 Qb8+ 35. g3 Qd6 36. Bf7 e5 37. Qh4+ Qh6 38. Qd8 1-0

[Event "SR 2. liga A 2011/2012"]
[Site "?"]
[Date "2011.11.06"]
[Round "21.4"]
[White "Abel, Peter"]
[Black "Kimerling, Martin"]
[Result "1/2-1/2"]
[WhiteElo "2198"]
[BlackElo "2015"]
[PlyCount "37"]
[EventDate "2011.??.??"]
[WhiteTeam "Slovakia"]
[BlackTeam "Slovakia"]
[WhiteTeamCountry "SVK"]
[BlackTeamCountry "SVK"]

1. c4 Nf6 2. Nc3 g6 3. g3 Bg7 4. Bg2 O-O 5. Nf3 d6 6. d4 Nc6 7. O-O e5 8. e4
Bg4 9. d5 Nd4 10. Qd3 Bxf3 11. Bxf3 c5 12. dxc6 bxc6 13. Bg2 Nd7 14. Be3 Nc5
15. Qd2 a5 16. Ne2 Nce6 17. f4 Nxe2+ 18. Qxe2 c5 19. Rad1 1/2-1/2

[Event "SR 2. liga A 2011/2012"]
[Site "?"]
[Date "2011.11.06"]
[Round "21.5"]
[White "Mikova, Veronika"]
[Black "Manak, Jozef"]
[Result "1/2-1/2"]
[WhiteElo "2060"]
[BlackElo "2053"]
[PlyCount "97"]
[EventDate "2011.??.??"]
[WhiteTeam "Slovakia"]
[BlackTeam "Slovakia"]
[WhiteTeamCountry "SVK"]
[BlackTeamCountry "SVK"]

1. e4 c5 2. Nf3 a6 3. g3 Nc6 4. Bg2 e6 5. O-O Nge7 6. d3 d5 7. Nbd2 Ng6 8. Re1
Be7 9. h4 h5 10. exd5 exd5 11. Nb3 Be6 12. d4 c4 13. Nbd2 Qd7 14. Kh2 b5 15. c3
Bf6 16. Nf1 Nge7 17. Bf4 g6 18. Ne5 Nxe5 19. Bxe5 Bxe5 20. Rxe5 O-O 21. Qf3 Kg7
22. Rae1 Rad8 23. Kg1 Nc6 24. R5e3 a5 25. Nh2 b4 26. Qf4 Bf5 27. Nf3 Be4 28.
Ne5 Nxe5 29. Bxe4 Ng4 30. Bxg6 Nxe3 31. Bb1 Qg4 32. Qxe3 Rfe8 33. Qd2 Rxe1+ 34.
Qxe1 Qe6 35. Qd2 Qh6 36. Qe1 bxc3 37. bxc3 Kf8 38. Bf5 Re8 39. Qd1 Kg7 40. Kg2
Re7 41. Kh2 a4 42. a3 Rb7 43. Qe2 Rb3 44. Qf3 Rxa3 45. Bc2 Qd2 46. Qf5 Rxc3 47.
Qh7+ Kf6 48. Qf5+ Ke7 49. Qe5+ 1/2-1/2

[Event "SR 2. liga A 2011/2012"]
[Site "?"]
[Date "2011.11.06"]
[Round "21.6"]
[White "Pobjecky, Ivan"]
[Black "Sebo, Viktor"]
[Result "1/2-1/2"]
[WhiteElo "2058"]
[BlackElo "1924"]
[PlyCount "93"]
[EventDate "2011.??.??"]
[WhiteTeam "Slovakia"]
[BlackTeam "Slovakia"]
[WhiteTeamCountry "SVK"]
[BlackTeamCountry "SVK"]

1. e4 d6 2. d4 Nf6 3. Nc3 g6 4. f4 Bg7 5. Nf3 O-O 6. Be2 c5 7. dxc5 Qa5 8. O-O
Qxc5+ 9. Kh1 Nc6 10. Qe1 Bg4 11. h3 Bxf3 12. Bxf3 Nd4 13. Bd1 Nd7 14. Be3 Qb4
15. Rb1 Rac8 16. Nd5 Qxe1 17. Nxe7+ Kh8 18. Rxe1 Rce8 19. Bxd4 Bxd4 20. Nd5 Nc5
21. Bf3 Bf2 22. Re2 Bg3 23. f5 gxf5 24. exf5 Rxe2 25. Bxe2 Re8 26. Bf3 Re5 27.
f6 Ne4 28. Bxe4 Rxe4 29. Nc3 Re6 30. Kg1 Be5 31. Nd5 Bxf6 32. Nxf6 Rxf6 33. Rd1
Kg7 34. Rd3 Re6 35. Kf2 b6 36. Ra3 Re7 37. Rd3 Re6 38. Kf3 Rf6+ 39. Ke2 Rg6 40.
g3 Rh6 41. h4 Re6+ 42. Re3 Kf6 43. Kf3 Rxe3+ 44. Kxe3 Kf5 45. Kf3 h5 46. c4 a6
47. b3 1/2-1/2

[Event "SR 2. liga A 2011/2012"]
[Site "?"]
[Date "2011.11.06"]
[Round "21.7"]
[White "Sklars, Tomas"]
[Black "Manak, Adrian"]
[Result "1-0"]
[WhiteElo "1898"]
[BlackElo "1931"]
[PlyCount "107"]
[EventDate "2011.??.??"]
[WhiteTeam "Slovakia"]
[BlackTeam "Slovakia"]
[WhiteTeamCountry "SVK"]
[BlackTeamCountry "SVK"]

1. e4 e6 2. d4 d5 3. Nc3 Bb4 4. e5 Ne7 5. a3 Bxc3+ 6. bxc3 c5 7. Qg4 Qc7 8.
Qxg7 Rg8 9. Qxh7 cxd4 10. Ne2 Nbc6 11. f4 Bd7 12. Qd3 dxc3 13. Nxc3 a6 14. Bd2
Na5 15. g3 Nc4 16. Ne2 O-O-O 17. Nd4 Rg6 18. Bb4 Nc6 19. Nxc6 Bxc6 20. Qd4 f6
21. exf6 e5 22. fxe5 Nxe5 23. Qf4 d4 24. Bh3+ Kb8 25. O-O d3 26. f7 Rf6 27.
Qxf6 Qb6+ 28. Rf2 Nf3+ 29. Kf1 Nxh2+ 30. Rxh2 Bg2+ 31. Kxg2 Qxf6 32. Rf1 Qc6+
33. Kg1 dxc2 34. f8=Q Rxf8 35. Rxf8+ Ka7 36. Bd2 c1=Q+ 37. Bxc1 Qxc1+ 38. Rf1
Qe3+ 39. Kg2 Qxa3 40. Bg4 a5 41. Bf3 a4 42. Rh7 Qd3 43. Rxb7+ Ka6 44. Rf2 Qd4
45. Rb8 a3 46. Ra8+ Kb6 47. Rxa3 Kc5 48. Ra5+ Kb6 49. Rd5 Qa1 50. g4 Kc7 51.
Rc2+ Kb6 52. Rd8 Qe5 53. Rdc8 Qf4 54. Rb2+ 1-0

[Event "SR 2. liga A 2011/2012"]
[Site "?"]
[Date "2011.11.06"]
[Round "21.8"]
[White "Nemsak, Denis"]
[Black "Rozarova, Katarina"]
[Result "1-0"]
[WhiteElo "1916"]
[BlackElo "1651"]
[PlyCount "43"]
[EventDate "2011.??.??"]
[WhiteTeam "Slovakia"]
[BlackTeam "Slovakia"]
[WhiteTeamCountry "SVK"]
[BlackTeamCountry "SVK"]

1. c4 e5 2. Nf3 d6 3. Nc3 Ne7 4. d4 exd4 5. Nxd4 Nbc6 6. Nc2 Be6 7. e4 f5 8.
Be2 g6 9. O-O Bg7 10. Ne3 O-O 11. Ned5 Nd4 12. Bg5 Bxd5 13. Nxd5 Ndc6 14. exf5
Rxf5 15. Qd2 Rf7 16. Bg4 Kh8 17. Rae1 h6 18. Be6 Rf8 19. Bxh6 Nxd5 20. cxd5 Ne5
21. Bg5 Bf6 22. Bxf6+ 1-0

[Event "SR 2. liga A 2011/2012"]
[Site "?"]
[Date "2011.11.06"]
[Round "22.1"]
[White "Kleman, Miroslav"]
[Black "Jablonicky, Frantisek"]
[Result "1-0"]
[WhiteElo "2230"]
[BlackElo "2187"]
[PlyCount "109"]
[EventDate "2011.??.??"]
[WhiteTeam "Slovakia"]
[BlackTeam "Slovakia"]
[WhiteTeamCountry "SVK"]
[BlackTeamCountry "SVK"]

1. b3 e5 2. e4 Nf6 3. Nc3 Bb4 4. Nge2 Nc6 5. Bb2 O-O 6. g3 a6 7. Bg2 Bc5 8. O-O
d6 9. h3 b5 10. Kh2 Bb7 11. f4 Re8 12. d3 b4 13. Nb1 a5 14. a4 bxa3 15. Nxa3 a4
16. bxa4 Rxa4 17. c3 Ra8 18. Nc2 Bb6 19. g4 d5 20. exd5 Nxd5 21. fxe5 Rxe5 22.
c4 Ne3 23. Nxe3 Rxe3 24. Rxa8 Qxa8 25. Nf4 Nd4 26. Nd5 Qa2 27. Nxe3 Qxb2 28.
Nd5 Bc5 29. Qe1 Ne2 30. Kh1 Bd6 31. Rf2 Ng3+ 32. Kg1 Qe5 33. Qxe5 Bxe5 34. Ne7+
Kf8 35. Bxb7 Kxe7 36. Kg2 h5 37. d4 Bxd4 38. Kxg3 Bxf2+ 39. Kxf2 hxg4 40. hxg4
Kd6 41. Bd5 f6 42. Kg3 c6 43. Bg8 Ke5 44. Kh4 f5 45. g5 f4 46. Kg4 Ke4 47. c5
f3 48. Kg3 Ke3 49. Bc4 f2 50. Bf1 Kd4 51. Kxf2 Kxc5 52. Kf3 Kd5 53. Kf4 Ke6 54.
Bc4+ Ke7 55. Kf5 1-0

[Event "SR 2. liga A 2011/2012"]
[Site "?"]
[Date "2011.11.06"]
[Round "22.2"]
[White "Sekera, Branislav"]
[Black "Tepper, Frantisek"]
[Result "1-0"]
[WhiteElo "2151"]
[BlackElo "2163"]
[PlyCount "85"]
[EventDate "2011.??.??"]
[WhiteTeam "Slovakia"]
[BlackTeam "Slovakia"]
[WhiteTeamCountry "SVK"]
[BlackTeamCountry "SVK"]

1. d4 Nf6 2. Nf3 c5 3. e3 e6 4. Bd3 d5 5. c3 Nc6 6. O-O Be7 7. Nbd2 O-O 8. Bc2
Qc7 9. Re1 e5 10. dxe5 Nxe5 11. Nxe5 Qxe5 12. e4 Bg4 13. f3 Bd6 14. g3 Bh5 15.
exd5 Qxd5 16. Ne4 Qxd1 17. Nxf6+ gxf6 18. Rxd1 Rad8 19. Be4 b6 20. Bh6 Rfe8 21.
Rd5 Bg6 22. Rad1 Bxe4 23. fxe4 Be7 24. Rxd8 Rxd8 25. Rxd8+ Bxd8 26. c4 Be7 27.
a4 Bd6 28. Kg2 f5 29. exf5 f6 30. Kf3 Kf7 31. Bf4 Ke7 32. g4 Kd7 33. h4 Bf8 34.
g5 Bg7 35. b3 a6 36. Ke4 Kc6 37. h5 fxg5 38. Bxg5 b5 39. axb5+ axb5 40. f6 Bf8
41. Bf4 bxc4 42. bxc4 Bd6 43. Bh6 1-0

[Event "SR 2. liga A 2011/2012"]
[Site "?"]
[Date "2011.11.06"]
[Round "22.3"]
[White "Fabry, Robert"]
[Black "Kozinka, Roman"]
[Result "1-0"]
[WhiteElo "2177"]
[BlackElo "2056"]
[PlyCount "79"]
[EventDate "2011.??.??"]
[WhiteTeam "Slovakia"]
[BlackTeam "Slovakia"]
[WhiteTeamCountry "SVK"]
[BlackTeamCountry "SVK"]

1. e4 d6 2. d4 Nf6 3. Nc3 g6 4. f4 Bg7 5. Nf3 O-O 6. e5 dxe5 7. dxe5 Qxd1+ 8.
Kxd1 Rd8+ 9. Ke1 Nd5 10. Nxd5 Rxd5 11. Bc4 Rd8 12. Ng5 e6 13. Be3 b6 14. Kf2
Nc6 15. Rhd1 Bb7 16. Nf3 h5 17. Nd4 Nxd4 18. Bxd4 Be4 19. c3 Bh6 20. Be3 Kf8
21. Be2 Ke7 22. Bf3 Bxf3 23. Kxf3 a6 24. f5 Rxd1 25. Rxd1 Bxe3 26. f6+ Ke8 27.
Kxe3 b5 28. Kf4 Rb8 29. Kg5 Rb6 30. h3 Rc6 31. g4 Rc5 32. Re1 hxg4 33. hxg4 Rc4
34. Rh1 Re4 35. Rh8+ Kd7 36. Rf8 Rxe5+ 37. Kh6 g5 38. Rxf7+ Kd6 39. Rf8 Kd7 40.
f7 1-0

[Event "SR 2. liga A 2011/2012"]
[Site "?"]
[Date "2011.11.06"]
[Round "22.4"]
[White "Kavon, Rastislav"]
[Black "Mikulas, Dusan"]
[Result "1-0"]
[WhiteElo "1879"]
[BlackElo "2142"]
[PlyCount "77"]
[EventDate "2011.??.??"]
[WhiteTeam "Slovakia"]
[BlackTeam "Slovakia"]
[WhiteTeamCountry "SVK"]
[BlackTeamCountry "SVK"]

1. e4 e5 2. Nf3 Nc6 3. Bb5 a6 4. Ba4 Nf6 5. O-O Be7 6. Re1 b5 7. Bb3 O-O 8. c3
d5 9. exd5 Nxd5 10. Nxe5 Nxe5 11. Rxe5 c6 12. d4 Bd6 13. Re1 Qh4 14. g3 Qh3 15.
Be3 Bg4 16. Qd3 Rae8 17. Nd2 f5 18. f4 Kh8 19. Bxd5 cxd5 20. Qf1 Qh5 21. Bf2
Re4 22. a4 bxa4 23. Qxa6 Bb8 24. Qxa4 Qg6 25. Nxe4 fxe4 26. Be3 Bf3 27. Qd7 h5
28. Qxd5 h4 29. Qg5 Qxg5 30. fxg5 hxg3 31. hxg3 Bxg3 32. Rec1 Kh7 33. Ra6 g6
34. Ra7+ Kg8 35. Rca1 Bb8 36. Rb7 Be2 37. b3 Bf3 38. c4 Bd6 39. c5 1-0

[Event "SR 2. liga A 2011/2012"]
[Site "?"]
[Date "2011.11.06"]
[Round "22.5"]
[White "Kolman, Richard"]
[Black "Mackovic, Matus"]
[Result "1-0"]
[WhiteElo "2070"]
[BlackElo "1873"]
[PlyCount "43"]
[EventDate "2011.??.??"]
[WhiteTeam "Slovakia"]
[BlackTeam "Slovakia"]
[WhiteTeamCountry "SVK"]
[BlackTeamCountry "SVK"]

1. d4 Nf6 2. Nf3 g6 3. c4 Bg7 4. Nc3 O-O 5. e4 d6 6. Be2 Nbd7 7. Bf4 Nh5 8. Bg5
h6 9. Be3 e5 10. Qd2 Kh7 11. dxe5 dxe5 12. g4 Nhf6 13. g5 Ng4 14. gxh6 Bxh6 15.
Ng5+ Bxg5 16. Bxg5 Ngf6 17. Nd5 Nxe4 18. Bxd8 Nxd2 19. Be7 Rh8 20. Kxd2 c6 21.
Nf6+ Nxf6 22. Bxf6 1-0

[Event "SR 2. liga A 2011/2012"]
[Site "?"]
[Date "2011.11.06"]
[Round "22.6"]
[White "Lopatievov, Alexander"]
[Black "Hecht, Tomas"]
[Result "1-0"]
[WhiteElo "1925"]
[BlackElo "1982"]
[PlyCount "49"]
[EventDate "2011.??.??"]
[WhiteTeam "Slovakia"]
[BlackTeam "Slovakia"]
[WhiteTeamCountry "SVK"]
[BlackTeamCountry "SVK"]

1. c4 e5 2. Nc3 Nf6 3. g3 Bb4 4. Qb3 Bxc3 5. Qxc3 d6 6. Bg2 O-O 7. d3 a5 8. Nf3
Nc6 9. O-O Bg4 10. Re1 Qd7 11. Bg5 Ne8 12. Be3 f5 13. d4 f4 14. gxf4 exf4 15.
Bd2 Bh3 16. Bxh3 Qxh3 17. d5 Ne7 18. Kh1 Ng6 19. Nd4 Qh4 20. f3 Ne5 21. Rg1 Nf6
22. Nf5 Qh3 23. Nxg7 Kf7 24. Ne6 Nh5 25. Ng5+ 1-0

[Event "SR 2. liga A 2011/2012"]
[Site "?"]
[Date "2011.11.06"]
[Round "22.7"]
[White "Kuna, Vladimir"]
[Black "Mackovic, Miroslav"]
[Result "0-1"]
[WhiteElo "2028"]
[BlackElo "1911"]
[PlyCount "118"]
[EventDate "2011.??.??"]
[WhiteTeam "Slovakia"]
[BlackTeam "Slovakia"]
[WhiteTeamCountry "SVK"]
[BlackTeamCountry "SVK"]

1. d4 Nf6 2. Nf3 d6 3. g3 g6 4. Bg2 Bg7 5. O-O O-O 6. c4 Nc6 7. Nc3 a6 8. b3
Rb8 9. Bb2 b5 10. cxb5 axb5 11. e3 Bd7 12. Rc1 Na7 13. b4 Qc8 14. Ne2 c6 15. a3
Bh3 16. Nf4 Bxg2 17. Kxg2 Ne4 18. Qc2 d5 19. Nd2 Nd6 20. Nd3 Nc4 21. Nxc4 dxc4
22. Nc5 Qd8 23. Rcd1 Nc8 24. Rd2 e6 25. Rfd1 Qe7 26. a4 Ra8 27. a5 Qc7 28. h4
h6 29. Qe4 Ne7 30. Rc2 Qd6 31. Qf3 f5 32. Qe2 Nd5 33. Qe1 Nf6 34. f3 Rf7 35.
Bc3 g5 36. hxg5 hxg5 37. Bb2 g4 38. Qe2 gxf3+ 39. Qxf3 Qd5 40. Qxd5 Nxd5 41.
Re2 Nxb4 42. Ra1 Rfa7 43. Nxe6 Nd5 44. e4 fxe4 45. Rxe4 Rxa5 46. Rxa5 Rxa5 47.
Bc1 Ra2+ 48. Kh3 Nf6 49. Re1 b4 50. Nxg7 Kxg7 51. Re7+ Kf8 52. Re6 Kf7 53. Rxc6
c3 54. g4 Ne4 55. Rb6 Nf2+ 56. Kh4 Nd3 57. Bh6 Rh2+ 58. Kg3 Rxh6 59. Rxh6 c2
0-1

[Event "SR 2. liga A 2011/2012"]
[Site "?"]
[Date "2011.11.06"]
[Round "22.8"]
[White "Jablonicky, Martin"]
[Black "Klimes, Milan"]
[Result "1-0"]
[WhiteElo "1757"]
[BlackElo "1893"]
[PlyCount "171"]
[EventDate "2011.??.??"]
[WhiteTeam "Slovakia"]
[BlackTeam "Slovakia"]
[WhiteTeamCountry "SVK"]
[BlackTeamCountry "SVK"]

1. e4 c5 2. Nf3 d6 3. d4 cxd4 4. Nxd4 Nf6 5. Nc3 a6 6. Be3 e6 7. f3 Be7 8. Qd2
O-O 9. O-O-O Qc7 10. g4 Nc6 11. g5 Nd7 12. h4 Nde5 13. Qg2 b5 14. f4 Nc4 15.
Bxc4 bxc4 16. h5 Nxd4 17. Rxd4 Bb7 18. g6 Bf6 19. gxh7+ Kxh7 20. Rd2 Rab8 21.
Bd4 Bxd4 22. Rxd4 f5 23. Qg6+ Kg8 24. Qxe6+ Qf7 25. Qxf7+ Rxf7 26. Rxd6 fxe4
27. Rf1 Rf5 28. h6 gxh6 29. Rxh6 Kg7 30. Re6 Kf7 31. Rb6 Rf6 32. Rb4 a5 33. Rb5
e3 34. Re5 Re8 35. Rxe8 Kxe8 36. Re1 Re6 37. Nb5 Kd7 38. Nd4 Re4 39. Nf5 Rxf4
40. Nxe3 Ba6 41. Rd1+ Kc6 42. Rh1 Bb7 43. Rh5 Kb6 44. Nd5+ Bxd5 45. Rxd5 a4 46.
Kd2 Rf3 47. Re5 Rh3 48. Re3 Rh4 49. Kc3 Kc6 50. Kb4 Kd5 51. Kxa4 Rh2 52. Rc3
Rh8 53. b3 Ra8+ 54. Kb4 Rb8+ 55. Ka3 cxb3 56. cxb3 Ra8+ 57. Kb2 Rh8 58. b4 Kd4
59. Kb3 Rh5 60. a4 Rh1 61. Rc2 Rb1+ 62. Rb2 Ra1 63. a5 Kd5 64. Ra2 Rh1 65. Ka4
Kc6 66. Rc2+ Kb7 67. Kb5 Rh5+ 68. Rc5 Rh6 69. Rc4 Rh5+ 70. Ka4 Rh1 71. b5 Ra1+
72. Kb4 Rb1+ 73. Kc5 Rg1 74. Rc2 Rh1 75. a6+ Ka7 76. Rc3 Rg1 77. Kc6 Rg6+ 78.
Kd5 Rg5+ 79. Kc4 Kb6 80. Kb4 Rg4+ 81. Rc4 Rg1 82. Rc6+ Ka7 83. Rc7+ Ka8 84. Ka5
Ra1+ 85. Kb6 Kb8 86. a7+ 1-0